Soledades de seis poetas suecos / (Record no. 171676)

MARC details
000 -LEADER
campo de control de longitud fija 00568nam a2200181 i 4500
001 - NÚMERO DE CONTROL
campo de control 171676
003 - IDENTIFICADOR DE NÚMERO DE CONTROL
campo de control ES-MaACL
005 - FECHA Y HORA DE LA ÚLTIMA TRANSACCIÓN
campo de control 20230906214709.0
008 - DATOS DE LONGITUD FIJA--INFORMACIÓN GENERAL
campo de control de longitud fija 090526s1960 sp |||| | spa d
080 ## - NÚMERO DE LA CLASIFICACIÓN DECIMAL UNIVERSAL
Número de la Clasificación Decimal Universal 839.7-14"19"(082.2)
245 00 - MENCIÓN DEL TÍTULO
Título Soledades de seis poetas suecos /
Mención de responsabilidad, etc. Pär Lagerkvist... [et al.] ; traducción de Matica Goulard.
260 ## - PUBLICACIÓN, DISTRIBUCIÓN, ETC.
Lugar de publicación, distribución, etc. Madrid :
Nombre del editor, distribuidor, etc. Ínsula,
Fecha de publicación, distribución, etc. 1960.
300 ## - DESCRIPCIÓN FÍSICA
Extensión 79 p. ;
Dimensiones 27 cm.
650 14 - PUNTO DE ACCESO ADICIONAL DE MATERIA--TÉRMINO DE MATERIA
Término de materia o nombre geográfico como elemento de entrada Poesías suecas-
Subdivisión cronológica S.XX.
9 (RLIN) 140336
700 1# - ENTRADA AGREGADA--NOMBRE PERSONAL
Nombre de persona Lagerkvist, Pär.
9 (RLIN) 69570
700 1# - ENTRADA AGREGADA--NOMBRE PERSONAL
Nombre de persona Goulard, Matica.
9 (RLIN) 59330
852 ## - LOCALIZACIÓN
Ubicación ES-MaACL
Número de control de estantería C-18918
Holdings
Estatus retirado Estado de pérdida Estado de daño No para préstamo Biblioteca de origen Biblioteca actual Ubicación en estantería Fecha de adquisición Fuente de adquisición Total de préstamos Signatura topográfica completa Código de barras Visto por última vez Precio de reemplazo Tipo de ítem Koha
        Biblioteca del Ateneo de Madrid Biblioteca del Ateneo de Madrid Galería 26/05/2009     C-18918 1180160 23/02/2023 23/02/2023 Libro impreso